Suicide: (Record no. 141131)

MARC details
000 -LEADER
fixed length control field 00554nam a22001817a 4500
005 - DATE AND TIME OF LATEST TRANSACTION
control field 20170615115754.0
010 ## - LCCN (DPL NO)
LC control number ENG-118658
020 ## - INTERNATIONAL STANDARD BOOK NUMBER
International Standard Book Number 9788184656022
Terms of availability 150.00
035 ## - SYSTEM CONTROL NUMBER
System control number EN-102190
037 ## - SOURCE OF ACQUISITION
Source of stock number/acquisition DBAD/PUB
082 ## - DEWEY DECIMAL CLASSIFICATION NUMBER
Classification number 362.28097
100 ## - MAIN ENTRY--PERSONAL NAME
Personal name Gundimi, Vivek
245 ## - TITLE STATEMENT
Title Suicide:
Statement of responsibility, etc by Vivek Gundimi
Remainder of title A theological and a pastoral response /
260 ## - PUBLICATION, DISTRIBUTION, ETC. (IMPRINT)
Place of publication, distribution, etc Delhi
Name of publisher, distributor, etc ISPCK
Date of publication, distribution, etc 2017
270 ## - ADDRESS
Address Post Box 1585, 1654, Madarsa Road, Kashmere Gate, Delhi-110006
300 ## - PHYSICAL DESCRIPTION
Extent xv,120p
Dimensions 22cm.(pbk)
942 ## - ADDED ENTRY ELEMENTS (KOHA)
Source of classification or shelving scheme Dewey Decimal Classification
Item type English Books
Classification part 362.28097
Call number suffix GUN
Holdings
Withdrawn status Lost status Not for loan Collection code Home library Current library Date acquired Source of acquisition Cost, normal purchase price Full call number Barcode Copy number Cost, replacement price Koha item type
    Not For Loan Non-fiction D.B.Act.Division Bawana 15/06/2017 DBAD/PUB 150.00 362.28097 GUN EN-102190 1 150.00 English Books

© Delhi Public Library
Hit Counter
free hit counter